UK should lead on climate change (Record no. 118014)

MARC details
000 -LEADER
fixed length control field 01134cam a2200217 4500
001 - CONTROL NUMBER
control field WB@3612-299
008 - FIXED-LENGTH DATA ELEMENTS--GENERAL INFORMATION
fixed length control field 040916n2004 000 0 eng u
035 ## - SYSTEM CONTROL NUMBER
System control number (Sirsi) u127439
245 ## - TITLE STATEMENT
Title UK should lead on climate change
260 ## - PUBLICATION, DISTRIBUTION, ETC.
Date of publication, distribution, etc. 2004
490 ## - SERIES STATEMENT
Series statement Guardian Unlimited
Volume/sequential designation 15 September 2004 (4)
520 ## - SUMMARY, ETC.
Summary, etc. Tony Blair has called a world scientific conference for February 2004 to decide an upper limit on how much the temperature can rise before the world faces the catastrophic consequences of climate change. He said that even the Kyoto protocol was insufficient to address the problem of climate change and wants Britain to be the global leader - for example by incorporating sustainable development into every one of the new schools in the current building programme. For Tony Blair's full speech go to: http://number-10.gov.uk http://www.guardian.co.uk/guardianpolitics/story/0 ,,1304689,00.html
590 ## - LOCAL NOTE (RLIN)
Local note WB
590 ## - LOCAL NOTE (RLIN)
Local note WB
650 ## - SUBJECT ADDED ENTRY--TOPICAL TERM
Topical term or geographic name entry element CLIMATE CHANGE
650 ## - SUBJECT ADDED ENTRY--TOPICAL TERM
Topical term or geographic name entry element SUSTAINABLE DEVELOPMENT
650 ## - SUBJECT ADDED ENTRY--TOPICAL TERM
Topical term or geographic name entry element ENVIRONMENTAL ISSUES
650 ## - SUBJECT ADDED ENTRY--TOPICAL TERM
Topical term or geographic name entry element KYOTO PROTOCOL
690 ## - LOCAL SUBJECT ADDED ENTRY--TOPICAL TERM (OCLC, RLIN)
Topical term or geographic name as entry element ENVIRONMENT
9 (RLIN) 6238
942 ## - ADDED ENTRY ELEMENTS (KOHA)
Suppress in OPAC 0
Holdings
Withdrawn status Lost status Source of classification or shelving scheme Damaged status Not for loan Home library Current library Shelving location Date acquired Total Checkouts Full call number Barcode Date last seen Copy number Price effective from Koha item type
    Dewey Decimal Classification     London London News article 16/09/2004   WB4035-06 127439-1001 06/08/2019 1 06/08/2019 News article